| 000 | 00512 a2200181 4500 | ||
|---|---|---|---|
| 003 | NUST | ||
| 005 | 20221102131907.0 | ||
| 020 | _a0382284070 | ||
| 040 | _cNust | ||
| 082 | _a510,NJM | ||
| 100 |
_aGinn, Silver Burdett _9102256 |
||
| 245 |
_aTests / _cSilver Burdett Ginn |
||
| 260 |
_aLondon _c1995 _bSilver Burdett Ginn |
||
| 300 | _a232 p.: | ||
| 505 | _aTeacher Guidelines (Page-T3), Record Keeping (Page-T14), Tests (Page-1), Answer (Page-T29). | ||
| 650 | _aMathematics | ||
| 942 |
_2ddc _cBK _k510,NJM |
||
| 999 |
_c180112 _d180112 |
||